Une maison d'enfants pendant la guerre 1939-1945 : Moissac (notice n° 1629739)
[ vue normale ]
| 000 -LEADER | |
|---|---|
| fixed length control field | 00453cam a2200145 4500500 |
| 005 - DATE AND TIME OF LATEST TRANSACTION | |
| control field | 20260111102008.0 |
| 041 ## - LANGUAGE CODE | |
| Language code of text/sound track or separate title | fre |
| 042 ## - AUTHENTICATION CODE | |
| Authentication code | dc |
| 100 10 - MAIN ENTRY--PERSONAL NAME | |
| Personal name | Capul, Maurice |
| Relator term | author |
| 245 00 - TITLE STATEMENT | |
| Title | Une maison d'enfants pendant la guerre 1939-1945 : Moissac |
| 260 ## - PUBLICATION, DISTRIBUTION, ETC. | |
| Date of publication, distribution, etc. | 2005.<br/> |
| 500 ## - GENERAL NOTE | |
| General note | 51 |
| 786 0# - DATA SOURCE ENTRY | |
| Note | Empan | 57 | 1 | 2005-03-01 | p. 20-27 | 1152-3336 |
| 856 41 - ELECTRONIC LOCATION AND ACCESS | |
| Uniform Resource Identifier | <a href="https://shs.cairn.info/revue-empan-2005-1-page-20?lang=fr&redirect-ssocas=7080">https://shs.cairn.info/revue-empan-2005-1-page-20?lang=fr&redirect-ssocas=7080</a> |
Pas d'exemplaire disponible.




Réseaux sociaux